01208nam a2200361 i 4500001000300000003000900003005001700012008003900029015001800068020001500086035002100101040003500122041000800157080001100165080001000176080001200186100003800198245004400236260004300280300004400323380001700367504003600384658002800420655003000448650001400478710003400492856009800526942001200624999001700636952006200653952006100715952007000776bgKOSZ 00520200529142357.0981119s1998 pl a f f |001 0 pol aPB 1998/15585 a830112640X a(OCoLC)749314116 aWA NcKOSZ 005/HRdKOSZ 005/HR0 apol a620.17 a539.4 a(075.8)1 aNeimitz, Andrzejd(1947- )eAutor10aMechanika pękania /cAndrzej Neimitz. aWarszawa :bWydaw. Naukowe PWN,c1998. a436 s. :b2 fot., rys., wykr. ;c24 cm. aKsiążki. aBibliogr. s. 420-432. - Indeks. aInżynieria i technika 4aPodręczniki akademickie 4aPękanie2 aWydawnictwo Naukowe PWN4pbl. uhttp://koha.tu.koszalin.pl/cgi-bin/koha/opac-detail.pl?biblionumber=33761yKatalog online BPK 2UKDcKS c33761d33761 00104071aBPKbBPKcco45118p01369816t539.3/.6 WmyKS 00104070aBPKbBPKcwo45119p01369809s2024-09-20yKS 00104071aELBUDbELBUDcbo51313p01468601t539.3/.6 Mcss.WyKS